<?xml version="1.0" encoding="UTF-8"?>
<record
    xmlns:xsi="http://www.w3.org/2001/XMLSchema-instance"
    xsi:schemaLocation="http://www.loc.gov/MARC21/slim http://www.loc.gov/standards/marcxml/schema/MARC21slim.xsd"
    xmlns="http://www.loc.gov/MARC21/slim">

  <leader>01060nam a22002417a 4500</leader>
  <controlfield tag="005">20100816103649.0</controlfield>
  <controlfield tag="008">090601t        xxu||||| |||| 00| 0 Ur d</controlfield>
  <datafield tag="010" ind1=" " ind2=" ">
    <subfield code="a">UR-7735</subfield>
  </datafield>
  <datafield tag="020" ind1=" " ind2=" ">
    <subfield code="a">9788182567641</subfield>
    <subfield code="c">100.00</subfield>
  </datafield>
  <datafield tag="035" ind1=" " ind2=" ">
    <subfield code="a">U-6290</subfield>
  </datafield>
  <datafield tag="040" ind1=" " ind2=" ">
    <subfield code="a">dpl</subfield>
    <subfield code="b">Urdu</subfield>
  </datafield>
  <datafield tag="082" ind1=" " ind2=" ">
    <subfield code="a">&#x6A9;</subfield>
  </datafield>
  <datafield tag="100" ind1=" " ind2=" ">
    <subfield code="a">&#x6A9;&#x631;&#x67E;&#x627;&#x644; &#x633;&#x646;&#x6AF;&#x6BE;</subfield>
    <subfield code="9">13525</subfield>
  </datafield>
  <datafield tag="245" ind1=" " ind2=" ">
    <subfield code="a">&#x62D;&#x636;&#x631;&#x62A; &#x633;&#x644;&#x637;&#x627;&#x646; &#x628;&#x627;&#x6C1;&#x648; /</subfield>
    <subfield code="c">&#x6A9;&#x631;&#x67E;&#x627;&#x644; &#x633;&#x646;&#x6AF;&#x6BE;</subfield>
  </datafield>
  <datafield tag="246" ind1=" " ind2=" ">
    <subfield code="a">Hajrat Sultan Bahu /</subfield>
    <subfield code="b">by Kirpal Junk </subfield>
  </datafield>
  <datafield tag="260" ind1=" " ind2=" ">
    <subfield code="a">&#x67E;&#x646;&#x686;&#x627;&#x628;</subfield>
    <subfield code="c">2007</subfield>
    <subfield code="b">&#x62C;&#x6AF;&#x62F;&#x6CC;&#x634; &#x686;&#x646;&#x62F; &#x633;&#x6CC;&#x679;&#x6BE;&#x6CC;</subfield>
  </datafield>
  <datafield tag="270" ind1=" " ind2=" ">
    <subfield code="a">Dera Baba Jaimal Singh</subfield>
    <subfield code="b">Punjab</subfield>
    <subfield code="e">143204</subfield>
  </datafield>
  <datafield tag="300" ind1=" " ind2=" ">
    <subfield code="a">504 &#x635;</subfield>
    <subfield code="b">22 &#x633; &#x645; (Pbk)</subfield>
  </datafield>
  <datafield tag="710" ind1=" " ind2=" ">
    <subfield code="a">&#x633;&#x627;&#x62D;&#x644; &#x627;&#x62D;&#x645;&#x62F;</subfield>
    <subfield code="9">13526</subfield>
  </datafield>
  <datafield tag="942" ind1=" " ind2=" ">
    <subfield code="2">ddc</subfield>
    <subfield code="c">UR</subfield>
    <subfield code="h">841.08</subfield>
    <subfield code="m">&#x633; &#x6C1; &#x6CC;</subfield>
  </datafield>
  <datafield tag="999" ind1=" " ind2=" ">
    <subfield code="c">42057</subfield>
    <subfield code="d">42057</subfield>
  </datafield>
  <datafield tag="952" ind1=" " ind2=" ">
    <subfield code="0">0</subfield>
    <subfield code="1">0</subfield>
    <subfield code="2">ddc</subfield>
    <subfield code="4">0</subfield>
    <subfield code="7">1</subfield>
    <subfield code="8">NFIC</subfield>
    <subfield code="a">DBAD</subfield>
    <subfield code="b">DBAD</subfield>
    <subfield code="d">2010-08-16</subfield>
    <subfield code="e">DBAD/PUB</subfield>
    <subfield code="g">100.00</subfield>
    <subfield code="l">0</subfield>
    <subfield code="o">841.08 &#x633; &#x6C1; &#x6CC;</subfield>
    <subfield code="p">U-6290</subfield>
    <subfield code="r">2010-08-16 00:00:00</subfield>
    <subfield code="t">1</subfield>
    <subfield code="v">100.00</subfield>
    <subfield code="y">UR</subfield>
  </datafield>
</record>
